000 01332nam a2200241Ii 4500
003 JO-AjNU
005 20240629135045.0
008 230605s9999||||xx |||||||||||||| ||und||
040 _aJO-AjNU
_bara
_erda
_cJO-AjNU
041 _aara
050 1 4 _aK5462 2018
100 _aالزعبي، صدام عبد الله علي
_eمعد
_965825
245 0 0 _aالمسؤولية الجزائية المترتبة عن التقارير الطبية المخالفة للواقع في القانون الاردني ( دراسة مقارنة) = Criminal responsibility after contrary to reality medical reports in the jordanian (A comparative study)
_c/ اعداد صدام عبد الله علي الزعبي ؛ اشراف زيد ابراهيم الغرايبة
264 3 1 _a2018
300 _a115 ورقة
336 _atext
_btxt
_2rdacontent
337 _aunmediated
_bn
_2rdamedia
338 _avolume
_bnc
_2rdacarrier
500 _aرساله جامعيه (ماجستير في القانون) - جامعة عجلون الوطنيه (عجلون ، الاردن) ، كلية القانون تخصص القانون، 2018
650 4 _aالتقارير الطبية - المسؤولية الجزائية - القانون - الاردن
_958748
700 _aزيد ابراهيم الغرايبة
_eمشرف
_965761
942 _2lcc
_cTHS
999 _c29967
_d29967